Valparaíso: balcón sobre el mar
Сохранить в:
| Главный автор: | |
|---|---|
| Формат: | |
| Язык: | испанский |
| Опубликовано: |
Santiago
Nueva Universidad. Pontificia Universidad Católica de Chile
1978
|
| Предметы: | |
| Метки: |
Добавить метку
Нет меток, Требуется 1-ая метка записи!
|
MARC
| LEADER | 00000nam a2200000 a 4500 | ||
|---|---|---|---|
| 001 | UCV9530 | ||
| 003 | CL-VaPUC | ||
| 008 | 921112e19780000CL |||||||||||||||||spa|d | ||
| 082 | 0 | 4 | |a 983.255 |b PER |2 21 |
| 100 | |a Pérez de Arce Antoncich, Rodrigo |e autor |9 479424 | ||
| 245 | 1 | 0 | |a Valparaíso: balcón sobre el mar |
| 300 | |a 313 p | ||
| 942 | |c BK | ||
| 945 | |d 19921112 00:00:00 | ||
| 260 | |a Santiago |b Nueva Universidad. Pontificia Universidad Católica de Chile |c 1978 | ||
| 650 | 7 | |a DESCRIPCIONES |2 CL-VaPUC |9 267091 | |
| 651 | 0 | |a Valparaíso, Chile |9 261144 | |
| 583 | |a last modification |c 19921112 00:00:00 |k Rodrigo Vera | ||
| 999 | |c 214849 |d 214847 | ||
| 952 | |0 0 |1 1 |4 0 |6 983_255000000000000_PER_1978 |7 0 |8 F |9 198625 |a BIBARQ |b BIBARQ |d 2019-11-14 |i 2660547 |o 983.255 PER 1978 |p 2660547 |r 2019-11-14 |w 2019-11-14 |x Retirado en Inventario 2023 |y BK_F |k ARQ | ||